LEADER 00861cam2 22002531 450 001 SOBE00066035 005 20210506100603.0 100 $a20210506d1972 |||||ita|0103 ba 101 $aita 102 $aIT 200 0 $a2: 1903-1920$fSidney Sonnino 210 $aBari$cLaterza$d1972 215 $aXV, 936-1716 p.$d21 cm 461 1$1001SOBE00066034$12001 $aScritti e discorsi extraparlamentari / Sidney Sonnino ; a cura di Benjamin F. Brown 700 1$aSonnino$b, Sidney$3A600200041900$4070$0123775 801 0$aIT$bUNISOB$c20210506$gRICA 850 $aUNISOB 852 $aUNISOB$j900|Coll|7|K$m16841 912 $aSOBE00066035 940 $aM 102 Monografia moderna SBN 941 $aW 957 $a900|Coll|7|K$b000059$i-2$gSI$d16841$1rovito$2UNISOB$3UNISOB$420210506100529.0$520210506100603.0$6rovito 996 $a2: 1903-1920$91773718 997 $aUNISOB